00862nam a22002537a 45000010005000000030006000050050017000110080041000280200018000690400029000870500017001160820012001331000020001452450077001652600046002423000064002884900012003525050008003645200118003725210020004905210020005106500043005307000035005738437FISKH20250911163141.0250911b cb ||||| |||| 00| 0 eng d a9780340634790 aFISKHbengcFISKHdFISKH aPZ7.F88917 O a823.914 aFrench, Vivian  aOliver's vegetables /cBy Vivian French : Illustrated by Alison Barlett  aLondon : bHodder Children's Booksc1995. a32 unnumbered pages :bcolor illustrations ;c24 x 24 cm .  aOliver  aK  aWhile visiting his grandfather, who has a wonderful garden, Oliver learns to eat vegetables other than potatoes. 8 a520 bLexile 8 aK bRaz-Plus  aVegetable gardenvJuvenile Literature  aBartlett, AlisoneIllustrator